[Event "Superliga"]
[Site "Sovata"]
[Date "2000.04.13"]
[Round "1.4"]
[White "Motylev, Alexander"]
[Black "Navrotescu , Catalin"]
[Result "1-0"]
[WhiteElo "2552"]
[BlackElo "2439"]
[Annotator "BH"]
[PlyCount "55"]
[EventDate "2000.04.??"]
[EventType "team"]
[EventRounds "5"]
[EventCountry "ROM"]
[Source "b/signature.htm"]
[SourceDate "3188127.01.02"]

1. e4 c5 2. Nf3 d6 3. d4 cxd4 4. Nxd4 Nf6 5. Nc3 a6 6. Be3 e5 7. Nb3 Be6 8. f3
Be7 9. Qd2 O-O 10. O-O-O Qc7 11. g4 Rc8 12. g5 Nfd7 13. h4 Nc6 14. Kb1 Na5 15.
Nxa5 Qxa5 16. Nd5 Qxd2 17. Rxd2 Bxd5 18. exd5 f5 $2 (18... b5 19. Bh3 Rc7) 19.
gxf6 Bxf6 20. Bh3 Rc7 21. Be6+ Kh8 22. h5 Re8 (22... Nc5 23. Rg1 Re8) 23. f4
exf4 (23... e4 $142 24. f5 h6) 24. Bxf4 Ne5 (24... Be5 25. Bxe5 Nxe5 26. Rf2
$16) 25. Rf2 b5 26. Rhf1 $16 Nf7 27. h6 Bd4 $2 28. Bxd6 $18 1-0

[Event "Superliga"]
[Site "Sovata"]
[Date "2000.04.14"]
[Round "2.4"]
[White "Grigore, George Gabriel"]
[Black "Navrotescu , Catalin"]
[Result "0-1"]
[WhiteElo "2521"]
[BlackElo "2439"]
[Annotator "BH"]
[PlyCount "130"]
[EventDate "2000.04.??"]
[EventType "team"]
[EventRounds "5"]
[EventCountry "ROM"]
[Source "b/signature.htm"]
[SourceDate "3188127.01.02"]

1. d4 Nf6 2. c4 g6 3. Nc3 Bg7 4. e4 d6 5. Be2 O-O 6. Nf3 e5 7. O-O c6 8. dxe5
dxe5 9. Qxd8 Rxd8 10. Nxe5 Nxe4 11. Nxe4 Bxe5 12. Bg5 Re8 13. Bf3 Bf5 14. Nf6+
$146 ({RR} 14. Rae1 Nd7 15. b3 f6 16. Bc1 Rad8 17. Ba3 Bxe4 18. Rxe4 Nf8 19.
Bxf8 {1/2-1/2 Skembris,S-Damljanovic,B/Belgrade 1994 (19)}) 14... Bxf6 15. Bxf6
Nd7 16. Bc3 Ne5 17. Be2 Nd3 18. Bd1 Nf4 19. Re1 Rxe1+ 20. Bxe1 Re8 21. Bd2 Ne2+
22. Kh1 Bd3 {(=)} 23. b3 c5 24. h3 b6 25. Be3 Ng3+ 26. Kg1 Nf5 27. Bd2 Nd4 28.
Kh2 f5 29. Be3 Kf7 30. Rc1 Rd8 31. h4 {(=)} Ne6 32. Kg3 Nd4 33. Bg5 Rd7 34. Be3
Be4 35. h5 Kf6 36. hxg6 hxg6 37. f3 Bc6 38. Kf2 g5 39. Kf1 f4 40. Bf2 Nf5 41.
a3 Rd2 42. b4 Ne3+ 43. Ke1 Rd3 44. g3 Rxa3 45. bxc5 bxc5 46. gxf4 gxf4 47. Be2
Ke5 48. Bg1 a5 49. Rb1 Nc2+ 50. Kd2 Ra2 51. Kc1 Nd4 52. Bd1 Ba4 53. Bxa4 Rxa4
54. Kd1 Rxc4 55. Rb8 Nxf3 56. Bf2 Ke4 57. Rb5 a4 58. Bxc5 Nd4 59. Bxd4 Rxd4+
60. Ke2 Rc4 61. Rb8 Rc2+ 62. Kf1 Kf3 63. Kg1 Rc3 64. Ra8 a3 65. Ra7 Ke2 0-1

[Event "Superliga"]
[Site "Sovata"]
[Date "2000.04.15"]
[Round "3.4"]
[White "Navrotescu , Catalin"]
[Black "Pasarelu, Dan-Gabriel"]
[Result "1/2-1/2"]
[WhiteElo "2439"]
[BlackElo "2302"]
[Annotator "BH"]
[PlyCount "55"]
[EventDate "2000.04.??"]
[EventType "team"]
[EventRounds "5"]
[EventCountry "ROM"]
[Source "b/signature.htm"]
[SourceDate "3188127.01.02"]

1. d4 Nf6 2. c4 g6 3. g3 Bg7 4. Bg2 d5 5. cxd5 Nxd5 6. e4 Nb6 7. Ne2 c5 8. d5
e6 9. O-O O-O 10. Nec3 exd5 11. exd5 Bf5 12. a4 Na6 13. Na3 Qd7 14. Be3 Rad8
15. Bg5 f6 $2 16. Be3 Bh3 17. Bxh3 Qxh3 18. a5 Nd7 19. Nc4 f5 20. Ne2 Bh6 21.
Bxh6 $2 (21. d6) 21... Qxh6 22. Nf4 Nf6 23. Qf3 Rfe8 24. Ne3 Rd7 {(=)} 25. Rfc1
Qf8 26. h4 Ne4 27. Rd1 Qf6 28. Nc4 1/2-1/2

[Event "Cappelle op 16th"]
[Site "Cappelle la Grande"]
[Date "2000.02.21"]
[Round "3"]
[White "Navrotescu , Catalin"]
[Black "Berkvens, Joost"]
[Result "1-0"]
[WhiteElo "2439"]
[BlackElo "2297"]
[PlyCount "111"]
[EventDate "2000.02.19"]
[EventType "swiss"]
[EventRounds "9"]
[EventCountry "FRA"]
[Source "ChessBase"]
[SourceDate "2000.03.10"]

1. d4 c5 2. d5 e6 3. c4 exd5 4. cxd5 d6 5. Nc3 Ne7 6. e4 Ng6 7. f4 Be7 8. Nf3
Bg4 9. Be2 O-O 10. O-O Bf6 11. Be3 Re8 12. Nd2 Bxe2 13. Qxe2 Nd7 14. Rae1 Bxc3
15. bxc3 Nf6 16. Qf3 Qa5 17. c4 Qxa2 18. Re2 Re7 19. e5 dxe5 20. f5 Nf8 21. Ne4
Qxc4 22. Nxf6+ gxf6 23. Qg3+ Ng6 24. Rd2 Rd8 25. d6 Red7 26. fxg6 hxg6 27. Rxf6
Qc3 28. h4 e4 29. Qf4 Re8 30. h5 Qa1+ 31. Kf2 Rf8 32. Bxc5 Qa5 33. Qg5 Rc8 34.
Be3 Qxg5 35. Bxg5 Rc5 36. Be3 Rxh5 37. Bxa7 Ra5 38. Bb8 Kg7 39. Rf4 f5 40. g4
Kf6 41. gxf5 gxf5 42. Rh4 Kg5 43. Rh8 f4 44. Re2 Re5 45. Re1 Kf6 46. Bc7 b5 47.
Rf8+ Ke6 48. Rxf4 Kd5 49. Rd1+ Kc4 50. Ke3 b4 51. Rc1+ Kb3 52. Rxe4 Rxe4+ 53.
Kxe4 Ka2 54. Rc6 b3 55. Ra6+ Kb1 56. Ba5 1-0

[Event "Cappelle op 16th"]
[Site "Cappelle la Grande"]
[Date "2000.02.21"]
[Round "4"]
[White "Stefansson, Hannes Hlifar"]
[Black "Navrotescu , Catalin"]
[Result "1-0"]
[WhiteElo "2566"]
[BlackElo "2439"]
[PlyCount "59"]
[EventDate "2000.02.19"]
[EventType "swiss"]
[EventRounds "9"]
[EventCountry "FRA"]
[Source "ChessBase"]
[SourceDate "2000.03.10"]

1. e4 c5 2. Nf3 d6 3. d4 cxd4 4. Nxd4 Nf6 5. Nc3 Nc6 6. Bg5 Bd7 7. Be2 e6 8.
Ndb5 Qb8 9. a4 a6 10. Na3 Qc7 11. O-O Be7 12. Nc4 Na5 13. Bxf6 gxf6 14. Ne3 Rc8
15. Kh1 Qb6 16. Qc1 h5 17. f4 Bf8 18. Rb1 Qb4 19. Qd1 Be7 20. Bd3 b5 21. axb5
axb5 22. Ncd5 exd5 23. Nxd5 Qd4 24. c3 Qa4 25. b3 Qa2 26. Ra1 Qxb3 27. Bc2 Qc4
28. Rxa5 Bd8 29. Ra6 Qc5 30. Bb3 1-0

[Event "Cappelle op 16th"]
[Site "Cappelle la Grande"]
[Date "2000.02.24"]
[Round "7"]
[White "Navrotescu , Catalin"]
[Black "Hamm, Stefan"]
[Result "0-1"]
[WhiteElo "2439"]
[BlackElo "2215"]
[PlyCount "128"]
[EventDate "2000.02.19"]
[EventType "swiss"]
[EventRounds "9"]
[EventCountry "FRA"]
[Source "ChessBase"]
[SourceDate "2000.03.10"]

1. d4 Nf6 2. c4 e6 3. Nf3 d5 4. Nc3 Be7 5. Bg5 h6 6. Bxf6 Bxf6 7. e3 O-O 8. Qc2
c6 9. O-O-O b6 10. e4 Ba6 11. cxd5 cxd5 12. exd5 exd5 13. Qb3 Bb7 14. Kb1 a6
15. Bd3 Qd6 16. Ne5 b5 17. f4 Nd7 18. g4 Rfd8 19. h4 Bxe5 20. fxe5 Qc6 21. g5
Nf8 22. Ne2 h5 23. Rhf1 Bc8 24. Nf4 Bg4 25. Rc1 Qb6 26. g6 Nxg6 27. Bxg6 fxg6
28. Nxd5 Qxd4 29. Nc7+ Kh7 30. Nxa8 Rxa8 31. Rfe1 Re8 32. Qg3 b4 33. Rc6 a5 34.
Rd6 Qc4 35. b3 Bf5+ 36. Ka1 Qc2 37. Qe3 Rc8 38. Qd2 Qc7 39. e6 Qe7 40. Qd4 Rc7
41. Ra6 Rc5 42. Rd6 Qc7 43. Qd2 Rc2 44. Rd7 Qc6 45. Rxg7+ Kxg7 46. Qd4+ Kh7 47.
Qa7+ Qc7 48. Qxc7+ Rxc7 49. e7 Bd7 50. e8=Q Bxe8 51. Rxe8 Rc5 52. a3 bxa3 53.
Ka2 g5 54. hxg5 Rxg5 55. Kxa3 h4 56. b4 Rg3+ 57. Kb2 h3 58. Re4 axb4 59. Rxb4
Rg2+ 60. Kc3 h2 61. Rh4+ Kg6 62. Kd3 Kg5 63. Rh8 Kf4 64. Rh7 Ra2 0-1

[Event "Cappelle la Grande 78/528"]
[Site "?"]
[Date "2000.??.??"]
[Round "?"]
[White "Rashkovsky, Nukhim N"]
[Black "Navrotescu , Catalin"]
[Result "0-1"]
[WhiteElo "2523"]
[BlackElo "2439"]
[Annotator "Rashkovsky,N; Skatchkov,P"]
[PlyCount "70"]
[EventDate "2000.??.??"]

{Chess Informant} 1. d4 Nf6 2. c4 g6 3. Nc3 Bg7 4. e4 d6 5. Nf3 O-O 6. Be2 e5
7. O-O Nc6 8. d5 Ne7 9. b4 Nh5 10. Re1 Nf4 11. Bf1 c6 12. a4 (12. Be3 $5 f5 13.
dxc6 Nxc6 (13... bxc6 14. Bxf4 exf4 15. e5 dxe5 16. Nxe5 $14) 14. a3 $14) 12...
h6 $146 (12... a5 13. dxc6 (13. bxa5) 13... Nxc6 (13... bxc6 $6 14. b5 $16) (
13... axb4 $6 14. cxb7 Bxb7 15. Nb5 $16) 14. b5 $14) 13. a5 (13. Rb1 $5) 13...
g5 14. dxc6 bxc6 15. b5 Be6 16. a6 $14 d5 $6 17. Ba3 (17. exd5 $1 cxd5 18. cxd5
e4 (18... Nexd5 19. Nxd5 Qxd5 20. Qxd5 Nxd5 21. Nxe5 Rfe8 22. Bb2 $16) 19. Nxe4
Nexd5 20. Nd4 Qb6 21. Bb2 Rad8 22. Nxe6 fxe6 23. Bxg7 $16) 17... d4 (17... g4
$2 18. exd5 cxd5 19. cxd5 gxf3 20. dxe6 fxg2 21. Bxg2 Nxg2 22. Kxg2 Re8 23.
exf7+ Kxf7 24. Ne4 $18) 18. Na4 g4 19. Nd2 h5 20. Nc5 (20. bxc6 $5 Re8 $140 21.
Nc5 Nxc6 22. Nxe6 Rxe6 23. g3 Ng6 24. h3 $1 Qg5 25. hxg4 hxg4 26. Be2 $14)
20... Bh6 21. Ndb3 (21. Nb7 $5 $16) 21... Kh8 $6 (21... cxb5) 22. Nb7 Qe8 23.
g3 (23. bxc6 $5 $16) 23... Nfg6 24. N3c5 Rg8 25. Nd6 Qf8 (25... Qb8 26. Nxe6
fxe6 27. Nf7+ Kh7 28. Nxh6 Kxh6 29. Qd2+ $16) 26. Rb1 $1 cxb5 27. Rxb5 Bg5 28.
Rb7 (28. f4 $5 gxf3 29. Qxf3 Be3+ 30. Rxe3 $5 dxe3 31. Qxh5+ Kg7 32. Qf3 $40)
28... Qg7 29. Bd3 Qf6 30. Nd7 $6 $138 (30. Nxe6 fxe6 31. Qe2 $16 {#C5 h3})
30... Bxd7 31. Rxd7 Nf4 $138 32. gxf4 Bxf4 33. Bf1 (33. Nxf7+ Qxf7 34. Rxe7 Qf6
35. Kg2 Qh4 $40) 33... Bxh2+ 34. Kxh2 (34. Kg2 $142) 34... Qh4+ 35. Kg2 g3 $138
0-1

[Event "Romania 80/(52)"]
[Site "?"]
[Date "2000.??.??"]
[Round "?"]
[White "Grigore, George Gabriel"]
[Black "Navrotescu , Catalin"]
[Result "*"]
[WhiteElo "2508"]
[BlackElo "2233"]
[Annotator "Grigore,G"]
[PlyCount "52"]
[EventDate "2000.??.??"]

{Chess Informant} 1. d4 Nf6 2. c4 c5 3. d5 b5 4. cxb5 a6 5. bxa6 g6 6. Nc3 Bxa6
7. g3 d6 8. Bg2 Bg7 9. Nf3 Nbd7 10. O-O Nb6 11. Re1 O-O 12. Nd2 {*} Ra7 13. Nf1
Qa8 14. Ne3 Bb7 $5 (14... Rb8 {Ue 27/135}) 15. Rb1 $5 $146 (15. a4) 15... Nfd7
16. a3 Rc8 17. Bd2 Ra6 $1 (17... c4 18. Nb5 Ra4 19. Bc3 $16) 18. Rc1 Nf6 19.
Qb3 c4 20. Qa2 Ra5 (20... Nbxd5 21. Ncxd5 Nxd5 22. Nxc4 Nb4 23. Bxb7 Nxa2 24.
Bxa8 Nxc1 25. Bb7 $18) 21. Red1 h5 22. Nc2 $6 (22. Rc2 $1 Rac5 23. Rdc1 (23. b4
cxb3 24. Qxb3 Ba6) 23... Nbxd5 $140 24. Ncxd5 Nxd5 25. Nxc4 Nf4 26. Bxf4 Bxg2
27. Nb6 Rxc2 28. Rxc2 Rxc2 29. Nxa8 Bxa8 30. Qb3 Rxb2 31. Qd3 $16) 22... Nfxd5
23. Nxd5 Rxd5 24. Bxd5 Bxd5 25. Ne3 Be6 26. Bc3 Bh6 $44 *

[Event "Radulescu Memorial"]
[Site "Calimanesti"]
[Date "1999.??.??"]
[Round "4"]
[White "Navrotescu , Catalin"]
[Black "Nevednichy, Vladislav"]
[Result "1/2-1/2"]
[WhiteElo "2443"]
[BlackElo "2505"]
[PlyCount "39"]
[EventDate "1999.02.??"]
[EventType "tourn"]
[EventRounds "13"]
[EventCountry "ROM"]
[EventCategory "8"]
[Source "ChessBase"]
[SourceDate "1999.06.08"]

1. d4 d6 2. Nf3 g6 3. c4 Bg7 4. Nc3 Nf6 5. e4 O-O 6. h3 Na6 7. g3 e5 8. Bg2
exd4 9. Nxd4 Nc5 10. O-O Re8 11. Re1 a5 12. b3 Bd7 13. Kh2 Qc8 14. Bf4 Nh5 15.
Be3 Nf6 16. Bf4 h6 17. Rb1 Nh5 18. Be3 Nf6 19. Bf4 Nh5 20. Be3 1/2-1/2

[Event "Radulescu Memorial"]
[Site "Calimanesti"]
[Date "1999.??.??"]
[Round "6"]
[White "Navrotescu , Catalin"]
[Black "Sofronie, Iulian"]
[Result "1-0"]
[WhiteElo "2440"]
[BlackElo "2435"]
[Annotator "Hazai"]
[PlyCount "63"]
[EventDate "1999.02.??"]
[EventType "tourn"]
[EventRounds "13"]
[EventCountry "ROM"]
[EventCategory "8"]
[Source "ChessBase"]
[SourceDate "1999.06.08"]

1. d4 Nf6 2. c4 g6 3. Nc3 Bg7 4. e4 O-O 5. Nf3 c6 {
Here the idea of d7-d5 is even less encouraging than in case of Bg5.} 6. h3 (6.
Bd3 {covering >< e4 comes into consideration.}) (6. e5 $5 {
is now better than without Nf3 c6.}) 6... d5 7. e5 (7. cxd5 cxd5 8. e5 Ne4 {
This is the main idea of 5...c6.} 9. Bd3 {
White has to eliminate this annoying N.} Bf5 (9... Nxc3 10. bxc3 Nc6 {
Here the weakness on c3 may balance the strong outpost on e5.} 11. O-O Na5 {
>< c4} 12. Bf4 Bd7 13. Ng5 Qc8 {/\ Bf5} 14. Rc1 Bf5 {This exchange of bishops
is important for Black to neutralize White's >> activity.} 15. Re1 Bxd3 16.
Qxd3 Nc4 {The N is ideally posted in front of the backward P.} 17. e6 Bh6 $1
18. Qg3 fxe6 19. Nxe6 Rxf4 $1 20. Nxf4 Qf5 21. Nd3 Bxc1 22. Nxc1 e6 $11 {
G.Timoshenko-Heyken, Budapest 1989}) 10. O-O (10. Ne2 Qa5+ 11. Kf1 Nc6 $13)
10... Nxc3 (10... Nc6 11. Ne2 $5 {Illescas} (11. Be3 {
allows the simplifications, which are favourable for Black:} Nxc3 12. bxc3 Bxd3
13. Qxd3 Rc8 14. Nd2 Na5 {>< c4} 15. Rab1 b6 16. Rfc1 Qd7 17. Qb5 Rfd8 $15 {
Maenner-Gutman, Berliner Sommer 1998})) 11. bxc3 Qc8 $1 ({In case of} 11...
Bxd3 12. Qxd3 Nc6 {White can seize the |^ on the >> by} 13. h4 $5) 12. Bxf5
Qxf5 13. Re1 {with some pressure on >< e6.} (13. Qb3 $6 {
allows Black to organize his defence:} Qd7 14. Rb1 b6 15. Re1 Nc6 16. Bg5 Rac8
17. Qb5 Rc7 18. Qe2 Nd8 $15 {Illescas-Epishin, Las Palmas 1994})) 7... Ne8 {
This is certainly too passive.} (7... Ne4 8. Bd3 (8. Qb3 $6 {
allows Black to gain control over the light squares:} Nxc3 9. bxc3 dxc4 10.
Bxc4 b5 11. Bd3 Be6 12. Qc2 Nd7 13. c4 bxc4 14. Bxc4 Bf5 15. Qb3 c5 $15 {
Kohlei-Koeller, Baunatalop 1997}) 8... Nxc3 9. bxc3 dxc4 (9... c5 10. O-O Nc6
11. Re1 $142 (11. cxd5 {helps only for Black to finish development.} Qxd5 12.
Re1 cxd4 13. Be4 Qc4 14. cxd4 Rd8 $13 {Chernin-Gufeld, Palma de Mallorca 1989})
) 10. Bxc4 c5 11. O-O Nc6 12. Re1 cxd4 13. cxd4 Bf5 14. d5 {
Now White's central pawns are extremely strong.} Na5 15. Bf1 Rc8 16. Qd4 a6 17.
Ba3 b5 18. Rac1 $16 {Epishin-Beversdorff, Frankfurt 1990}) 8. cxd5 cxd5 9. Bd3
Nc6 10. O-O Nc7 (10... f6 11. exf6 Nxf6 {Black wants to activite his pieces,
but his P structure is rather ugly because of the backward P on the <-> e.} (
11... exf6 {covering >< e5 and improving the P structure was worthy of trying.}
) 12. Re1 Qd6 13. Nb5 Qb8 14. Ne5 Nxe5 15. dxe5 Nh5 16. Be2 Nf4 17. Bxf4 Rxf4
18. Rc1 Qxe5 19. Bf3 $18 {Zviagintsev-Gufeld, Moscow 1992}) 11. Re1 {
White is preparing against the typical f7-f6.} ({On} 11. Be3 f6 {is stronger.}
12. exf6 exf6 13. Qd2 Be6 14. Bh6 Bf7 15. Bxg7 Kxg7 16. Rac1 Rc8 17. Ne2 Ne6
18. Rc3 Qd6 19. Rfc1 $14 {with a somewhat better position because of the bad B
on f7, Atalik-Soos, Budapest 1991}) 11... Be6 ({Now} 11... f6 12. exf6 exf6 {
is strongly met by} 13. Bf4 $16) (11... Ne6 12. Be3 $16 {/\ Qb3}) 12. Bf4 Qd7
13. Rc1 $142 {/\ Na4} (13. Qd2 Bf5 14. Bxf5 Qxf5 15. Bh6 f6) 13... Rac8 (13...
Bf5 14. Na4 $1 $16) 14. Na4 b6 {
after provoking the weakness on the <-> c White's N goes back.} 15. Nc3 Rfd8 (
15... f6 16. exf6 exf6 17. Nb5 $16) (15... Bf5 16. Bf1 $16 {
avoiding the exchange of Black's bad B.}) (15... h6 $142 16. Qd2 Kh7 $14 {
covering the /^ c1-h6.}) 16. Bf1 Bf5 17. Qd2 h5 $2 {
This is again a weakening move.} (17... f6 $2 {was again inferior due to} 18.
exf6 exf6 19. Bxc7 Qxc7 (19... Rxc7 $2 20. Nxd5 $1) 20. Ba6 Rb8 21. Bb5 $18) (
17... Ne6 {was more persistant.} 18. Be3 $16 {/\ Ba6 or Bb5}) 18. Bh6 Bh8 $2 {
Black is allowing everything for White.} (18... Kh7 19. Bxg7 Kxg7 20. Nh4 {
was not rosy either, but after the text move Black is helpless against White's
threats.}) 19. Nh4 $1 $18 Bg7 {It is not easy to confess our mistakes...} 20.
Bxg7 Kxg7 21. Re3 $1 {The attacking R comes on the third rank.} Na5 22. Rg3 Rh8
(22... Nc4 23. Qg5) 23. Qg5 e6 (23... Be6 24. Nxg6 $1) 24. Nxf5+ exf5 25. Bd3
Kh7 26. Re1 Rhe8 (26... Ne6 27. Bxf5 $18) 27. Ne2 $1 {
White's last remaining piece is joining the others for a devastating >> ->.}
Qd8 28. Qd2 Nc4 29. Qc2 Qd7 30. Nf4 Kh8 {#} (30... h4 31. Nh5 $1) 31. Nxh5 $1
Rcd8 (31... gxh5 32. Bxf5 Ne6 33. Qc1) 32. Qc1 1-0

[Event "Radulescu Memorial"]
[Site "Calimanesti"]
[Date "1999.??.??"]
[Round "7"]
[White "Nisipeanu, Liviu Dieter"]
[Black "Navrotescu , Catalin"]
[Result "1/2-1/2"]
[WhiteElo "2594"]
[BlackElo "2443"]
[PlyCount "65"]
[EventDate "1999.02.??"]
[EventType "tourn"]
[EventRounds "13"]
[EventCountry "ROM"]
[EventCategory "8"]
[Source "ChessBase"]
[SourceDate "1999.06.08"]

1. e4 c5 2. Nf3 d6 3. d4 cxd4 4. Nxd4 Nf6 5. Nc3 a6 6. a4 Nc6 7. Be2 e5 8. Nb3
Be7 9. Be3 O-O 10. O-O Be6 11. Qb1 Qc7 12. Rd1 Nb4 13. Bf3 Rfd8 14. a5 Qc6 15.
Bb6 Rd7 16. Rd2 d5 17. exd5 Bxd5 18. Nxd5 Nbxd5 19. Qe1 Qb5 20. Qxe5 Nxb6 21.
Qxb5 axb5 22. Rxd7 Nbxd7 23. Bxb7 Ra7 24. a6 Nc5 25. Nxc5 Bxc5 26. Ra5 Ng4 27.
h3 Nxf2 28. Rxb5 Ne4+ 29. Kf1 Ng3+ 30. Ke1 Bd6 31. Rd5 Ne4 32. Rd3 f5 33. Bd5+
1/2-1/2

[Event "Radulescu mem"]
[Site "Calimanesti"]
[Date "1999.??.??"]
[Round "2"]
[White "Navrotescu , Catalin"]
[Black "Ardeleanu, Alin"]
[Result "1/2-1/2"]
[WhiteElo "2443"]
[BlackElo "2420"]
[PlyCount "74"]
[EventDate "1999.02.??"]
[EventType "tourn"]
[Source "ChessBase"]
[SourceDate "1999.06.08"]

1. d4 Nf6 2. c4 g6 3. Nc3 Bg7 4. e4 O-O 5. Nf3 d6 6. h3 Na6 7. Bg5 Qe8 8. Be2
e5 9. d5 Nh5 10. g3 f5 11. Nd2 Nf6 12. g4 h6 13. Bh4 g5 14. Bg3 f4 15. Bh2 h5
16. Kf1 Kf7 17. Kg2 Rh8 18. f3 Bd7 19. Bg1 Kg6 20. Bf2 Rh6 21. a3 Rd8 22. b4
Qh8 23. c5 Qh7 24. c6 bxc6 25. dxc6 Bxc6 26. Bxa6 Rh8 27. Bd3 hxg4 28. hxg4
Rh2+ 29. Rxh2 Qxh2+ 30. Kf1 Rh3 31. Qb1 Bd7 32. Ke1 Bxg4 33. Nf1 Qg2 34. fxg4
Nxg4 35. Nd1 Rh1 36. Qb3 Nh2 37. Qe6+ Kh7 1/2-1/2

[Event "Radulescu mem"]
[Site "Calimanesti"]
[Date "1999.??.??"]
[Round "3"]
[White "Iordachescu, Viorel"]
[Black "Navrotescu , Catalin"]
[Result "1-0"]
[WhiteElo "2539"]
[BlackElo "2443"]
[PlyCount "65"]
[EventDate "1999.02.??"]
[EventType "tourn"]
[Source "ChessBase"]
[SourceDate "1999.06.08"]

1. e4 c5 2. Nf3 d6 3. d4 cxd4 4. Nxd4 Nf6 5. Nc3 a6 6. Be3 e5 7. Nb3 Be6 8. f4
exf4 9. Bxf4 Be7 10. Qe2 Nc6 11. h3 Nd7 12. O-O-O Nce5 13. Nd4 O-O 14. Nf5 Bxf5
15. exf5 Rc8 16. Nd5 Bg5 17. g3 Nc4 18. Qg4 Bf6 19. Bxc4 Rxc4 20. Qe2 Rc6 21.
Rhe1 Be5 22. Bxe5 dxe5 23. Nb4 Rc7 24. Qd2 Re8 25. f6 gxf6 26. Nd5 Rc8 27. Rf1
Kh8 28. Qh6 Re6 29. Ne3 Qf8 30. Qh5 Rc7 31. Rd2 b5 32. Rfd1 Nb6 33. Qh4 1-0

[Event "Radulescu mem"]
[Site "Calimanesti"]
[Date "1999.??.??"]
[Round "8"]
[White "Navrotescu , Catalin"]
[Black "Romcovici, Victor"]
[Result "1-0"]
[WhiteElo "2443"]
[BlackElo "2275"]
[PlyCount "117"]
[EventDate "1999.02.??"]
[EventType "tourn"]
[Source "ChessBase"]
[SourceDate "1999.06.08"]

1. d4 Nf6 2. c4 c5 3. d5 e5 4. Nc3 d6 5. e4 Be7 6. Nf3 Nbd7 7. g3 Nf8 8. Bg2
Ng6 9. O-O Bd7 10. Rb1 Qc8 11. Qe2 Bg4 12. a3 h5 13. h4 Nh7 14. Qd3 Bh3 15. Nh2
Ngf8 16. Bxh3 Qxh3 17. Qf3 g5 18. hxg5 Nxg5 19. Bxg5 Bxg5 20. Qf5 Qxf5 21. exf5
O-O-O 22. Ne4 Nh7 23. Nf3 f6 24. Kg2 Kc7 25. Rh1 Nf8 26. Nfxg5 fxg5 27. Nxg5
Re8 28. Rh4 Nd7 29. Rbh1 Nf6 30. f3 b5 31. Ne4 Rhf8 32. Nxf6 Rxf6 33. Rxh5 e4
34. g4 bxc4 35. Rh7+ Kb6 36. R7h6 Rf7 37. Re6 Rg8 38. Rxe4 Rxf5 39. Rd1 Rgg5
40. Re6 Rxd5 41. Rxd6+ Rxd6 42. Rxd6+ Kb5 43. Kg3 Re5 44. Kf4 Re2 45. Rd8 Ka4
46. Rb8 a5 47. g5 Rg2 48. Kf5 Rg3 49. Kf4 Rg2 50. Rb6 c3 51. bxc3 c4 52. g6
Kxa3 53. Kf5 a4 54. f4 Rg3 55. Rb8 Rxc3 56. g7 Rg3 57. g8=Q Rxg8 58. Rxg8 c3
59. Ke4 1-0

[Event "Radulescu mem"]
[Site "Calimanesti"]
[Date "1999.??.??"]
[Round "9"]
[White "Solak, Dragan"]
[Black "Navrotescu , Catalin"]
[Result "0-1"]
[WhiteElo "2460"]
[BlackElo "2443"]
[PlyCount "80"]
[EventDate "1999.02.??"]
[EventType "tourn"]
[Source "ChessBase"]
[SourceDate "1999.06.08"]

1. e4 c5 2. Nf3 d6 3. d4 cxd4 4. Nxd4 Nf6 5. Nc3 a6 6. Be3 e5 7. Nb3 Be6 8. f4
exf4 9. Bxf4 Nc6 10. Qe2 Be7 11. h3 Nd7 12. O-O-O Nce5 13. Nd4 Rc8 14. Nd5 Bxd5
15. exd5 O-O 16. Kb1 Bf6 17. g4 Nc4 18. c3 Ndb6 19. Qf2 Nxd5 20. Bxc4 Rxc4 21.
Ne2 Rc5 22. Qf3 Nxf4 23. Nxf4 Re8 24. Rhf1 Qd7 25. Nd5 Be5 26. h4 b5 27. g5 Qe6
28. h5 Rf8 29. Rd2 f5 30. a3 a5 31. g6 h6 32. Rd3 Kh8 33. Ka1 Rc4 34. Qd1 Rh4
35. Qe2 b4 36. axb4 axb4 37. Kb1 bxc3 38. bxc3 Rb8+ 39. Kc1 Ra4 40. Ne3 Qb3 0-1

[Event "Radulescu mem"]
[Site "Calimanesti"]
[Date "1999.??.??"]
[Round "11"]
[White "Nanu, Ciprian-Costica"]
[Black "Navrotescu , Catalin"]
[Result "1/2-1/2"]
[WhiteElo "2420"]
[BlackElo "2443"]
[PlyCount "26"]
[EventDate "1999.02.??"]
[EventType "tourn"]
[Source "ChessBase"]
[SourceDate "1999.06.08"]

1. e4 e6 2. d4 d5 3. exd5 exd5 4. Nf3 Nf6 5. Bd3 Bd6 6. O-O O-O 7. c3 c6 8.
Nbd2 Nbd7 9. Re1 Re8 10. Nf1 Nf8 11. Rxe8 Qxe8 12. Qe1 Qxe1 13. Nxe1 Ne8
1/2-1/2

[Event "Radulescu mem"]
[Site "Calimanesti"]
[Date "1999.??.??"]
[Round "12"]
[White "Navrotescu , Catalin"]
[Black "Moldovan , Daniel"]
[Result "1/2-1/2"]
[WhiteElo "2443"]
[BlackElo "2456"]
[PlyCount "24"]
[EventDate "1999.02.??"]
[EventType "tourn"]
[Source "ChessBase"]
[SourceDate "1999.06.08"]

1. d4 g6 2. c4 Bg7 3. Nc3 c5 4. d5 d6 5. Nf3 Nf6 6. g3 e6 7. Bg2 exd5 8. cxd5
O-O 9. O-O Na6 10. Bf4 Nc7 11. Nd2 Nfe8 12. a4 b6 1/2-1/2

[Event "Radulescu mem"]
[Site "Calimanesti"]
[Date "1999.??.??"]
[Round "13"]
[White "Benkovic, Petar"]
[Black "Navrotescu , Catalin"]
[Result "1/2-1/2"]
[WhiteElo "2364"]
[BlackElo "2443"]
[PlyCount "25"]
[EventDate "1999.02.??"]
[EventType "tourn"]
[Source "ChessBase"]
[SourceDate "1999.06.08"]

1. d4 d5 2. c4 e6 3. Nc3 Nf6 4. Nf3 Be7 5. Bg5 O-O 6. e3 h6 7. Bh4 Nbd7 8. Be2
b6 9. O-O Bb7 10. cxd5 Nxd5 11. Bxe7 Qxe7 12. Nxd5 exd5 13. Rc1 1/2-1/2

[Event "Centrocoop Sept op"]
[Site "?"]
[Date "1999.09.??"]
[Round "?"]
[White "Navrotescu , Catalin"]
[Black "Grunberg, Sergiu-Florin"]
[Result "1/2-1/2"]
[WhiteElo "2425"]
[BlackElo "2201"]
[PlyCount "45"]
[EventDate "1999.??.??"]

1. d4 f5 2. g3 Nf6 3. Bg2 g6 4. c4 Bg7 5. Nc3 O-O 6. Nh3 d6 7. d5 c6 8. Nf4 e5
9. dxe6 Qe7 10. O-O Na6 11. Rb1 Nc5 12. b3 Nxe6 13. Ba3 Rd8 14. Qd2 Nxf4 15.
Qxf4 Qe5 16. Rbc1 Qxf4 17. gxf4 Be6 18. Rfd1 Bf8 19. e3 Rd7 20. Ne2 Rad8 21.
Nc3 d5 22. Bxf8 Kxf8 23. cxd5 1/2-1/2